Science Quiz

Random Science or Astronomy Quiz

Mercury Astronauts Quiz Stats

 Plays Quiz Updated Feb 27, 2020

Support Sporcle.
Go Orange.
Score 0/7 Timer 02:00
0 Plays Today
Flight Astronaut % Correct
Mercury 6John Glenn
94.1%
Mercury 3Alan Shepard
78.4%
Mercury 4Gus Grissom
77.1%
Mercury 9Gordon Cooper
50.9%
Mercury 7Scott Carpenter
49.5%
ASTP*Deke Slayton
46.6%
Mercury 8Wally Schirra
44.7%

From the Vault

MLB MVPs: Last Five by Position

by Propellerhead

Sports 12m
They should really put mascots in the running for the MVP award.
Remove Ads.
Support Sporcle.
Get the best of Sporcle when you Go Orange. This ad-free experience offers more features, more stats, and more fun while also helping to support Sporcle. Thank you for becoming a member.

Show Comments

Extras

Top Quizzes Today


Score Distribution

Your Account Isn't Verified!

In order to create a playlist on Sporcle, you need to verify the email address you used during registration. Go to your Sporcle Settings to finish the process.

Report this User

Report this user for behavior that violates our Community Guidelines.

Details: